000 00395nam a22001697a 4500
020 _a9789354829857
082 _aM301
_bJIS/P
100 _aJisa jose
245 _aPushpakavimanam/
_cby Jisa Jose
250 _a2nd ed.
260 _aKottayam:
_bDc books,
_c2023.
300 _a176p.
650 _aStories Malayalam
650 _aLiterature Malayalam
650 _aLiterature
942 _cBK
999 _c181789
_d181789